000
00485nam a2200145Ia 4500
008
090124s9999 xx 000 0 und d
082
_b
2416
245
_a
भारतीय मध्ययुगीन चरित्रकोश
250
_a
0
260
_c
1937
300
_a
848
630
_a
भारतीय मध्ययुगीन चरित्रकोश
730
_a
भारतीय मध्ययुगीन चरित्रकोश
942
_c
BOOK
999
_c
82560
_d
82560